Cricket Fever (Record no. 565341)
[ view plain ]
| 000 -LEADER | |
|---|---|
| fixed length control field | 00312nam a2200121Ia 4500 |
| 008 - FIXED-LENGTH DATA ELEMENTS--GENERAL INFORMATION | |
| fixed length control field | 210430s9999 xx 000 0 und d |
| 020 ## - INTERNATIONAL STANDARD BOOK NUMBER | |
| International Standard Book Number | 978-969-8893-03-3 |
| 082 ## - DEWEY DECIMAL CLASSIFICATION NUMBER | |
| Classification number | M2141C 595.726 |
| 100 ## - MAIN ENTRY--PERSONAL NAME | |
| Personal name | Syed Khalid Mahmood |
| 9 (RLIN) | 1581 |
| 245 ## - TITLE STATEMENT | |
| Title | Cricket Fever |
| Statement of responsibility, etc. | Syed Khalid Mahmood |
| 300 ## - PHYSICAL DESCRIPTION | |
| Extent | 142 |
| 942 ## - ADDED ENTRY ELEMENTS (KOHA) | |
| Koha item type | Book |
| Source of classification or shelving scheme | |
| Withdrawn status | Lost status | Damaged status | Not for loan | Collection code | Permanent Location | Current Location | Shelving location | Date acquired | Total Checkouts | Full call number | Barcode | Date last seen | Price effective from | Koha item type |
|---|---|---|---|---|---|---|---|---|---|---|---|---|---|---|
| School of Chemical & Materials Engineering (SCME) | School of Chemical & Materials Engineering (SCME) | General Stacks | 01/16/1 | M2141C 595.726 | SCME-4658 | 04/30/2021 | 04/30/2021 | Book |
